000 00536cam a22001337a 4500
008 180718b1998 xxu||||| |||| 00| 0 eng d
082 _aA81x54 91/9/PT12A&B/M
100 _aCensus of India 1991
245 _aHimachal Pradesh district census handbook, Mandi: village and town directory, village and townwise primary census abstract
260 _aShimla
_bController, Printing and Stationery Department
_c1998
300 _a1087+p.
440 _aCensus of India 1991. Series-9, Himachal Pradesh. Part XII A & B
650 _aMandi - Census
999 _c481537
_d481537